Top 20 Manchester City Premier League Appearances - Statistics

General Stats
  • This quiz has been taken 66 times
  • The average score is 12 of 20
Answer Stats
Hint Answer % Correct
Clubs record goalscorer Sergio Aguero
98%
Best midfielder on the planet Kevin De Bruyne
97%
Goalkeeper Ederson
95%
El Mago David Silva
92%
Leader Vincent Kompany
89%
Were all going Istanbul Bernardo Silva
88%
Vital organ Joe Hart
78%
CDM Fernandinho
75%
Top of the league Raheem Sterling
72%
Arsenal forward Gabriel Jesus
69%
Birthday cake Yaya Toure
66%
Rapid. Kyle Walker
63%
Mr Whippy Ilkay Gundogan
55%
Big Meeks Micah Richards
50%
Harder than Jaap Stam Pablo Zabaleta
34%
Captain before money Richard Dunne
33%
His dad is in the 100 club Shaun Wright-Phillips
30%
Serious freekick taker Aleksandar Kolarov
23%
Judas James Milner
20%
French centre back Sylvain Distin
17%
No matching quizzes found
Score Distribution
Percent of People with Each Score
Percentile by Number Answered
Your Score History
You have not taken this quiz